Central Library OPAC University of Rajshahi

The essential unity of all religions / (Record no. 57633)

MARC details
000 -LEADER
fixed length control field 00869nam a2200265 a 4500
001 - CONTROL NUMBER
control field 57633
003 - CONTROL NUMBER IDENTIFIER
rucl marc code BD-RjUL
005 - DATE AND TIME OF LATEST TRANSACTION
control field 20211209080533.0
008 - FIXED-LENGTH DATA ELEMENTS--GENERAL INFORMATION
fixed length control field 161211s1939 ii a 001 0 eng
035 ## - SYSTEM CONTROL NUMBER
System control number (BD-RjUL)57757
040 ## - CATALOGING SOURCE
Original cataloging agency DLC
Transcribing agency DLC
Language of cataloging eng
041 ## - LANGUAGE CODE
Language code of text/sound track or separate title eng
082 ## - DEWEY DECIMAL CLASSIFICATION NUMBER
Edition number 23
Classification number 200
Author mark and year ESS 1939
245 04 - TITLE STATEMENT
Title The essential unity of all religions /
Statement of responsibility, etc. compiled by Bhagavan Das.
250 ## - EDITION STATEMENT
Edition statement 2nd ed., greatly enl.
260 ## - PUBLICATION, DISTRIBUTION, ETC. (IMPRINT)
Place of publication, distribution, etc. Benares :
Name of publisher, distributor, etc. Kashi Vidyapitha :
-- Sole agent, Indian Book Shop, Theosophical Society,
Date of publication, distribution, etc. 1939.
300 ## - PHYSICAL DESCRIPTION
Pagination lvi, 683 p. ;
Size 18 cm.
500 ## - GENERAL NOTE
General note Includes index.
General note Master microform held by: ICRL.
650 #0 - SUBJECT ADDED ENTRY--TOPICAL TERM
Topical term or geographic name as entry element Religions
9 (RLIN) 171137
700 1# - ADDED ENTRY--PERSONAL NAME
Personal name Das, Bhagavan,
Dates associated with a name 1869-1958.
830 #0 - SERIES ADDED ENTRY--UNIFORM TITLE
Uniform title SAMP early 20th-century Indian books project ;
Volume number/sequential designation item 07000.
942 ## - ADDED ENTRY ELEMENTS (KOHA)
Source of classification or shelving scheme Dewey Decimal Classification
Koha item type Books
Holdings
Lost status Source of classification or shelving scheme Damaged status Not for loan Collection code Permanent Location Current Location Shelving location Date acquired Source of acquisition Total Checkouts Full call number Date last seen Copy number Koha item type
  Dewey Decimal Classification   Not For Loan Non-fiction Central Library, University of Rajshahi Central Library, University of Rajshahi Reading Room 22/01/1963 G. M. Hilali   200 ESS 1939 11/12/2016 C-1 Books